000 00710nab a2200229u 4500
001 15766
003 HDC
007 c| |||a|c|aaaa
008 210218b20140528my ||||| |||| 00| 0 may d
040 _aHDC
245 0 _aAnalisis produk perlu lalui beberapa proses
336 _atext
_2rdacontent
337 _acomputer
_2rdamedia
338 _aonline resource
_2rdacarrier
650 _aCadbury Malaysia
_99641
650 _apig DNA
_911022
710 _aBERITA HARIAN
856 _zRequest full-text at [email protected]
942 _2lcc
942 _cNEWS
942 _kNWSC 003764
999 _c13082
_d13082